Usos y costumbres de los sefardíes de Salónica / (Record no. 110284)

MARC details
000 -LEADER
campo de control de longitud fija 00847nam a2200229 i 4500
001 - NÚMERO DE CONTROL
campo de control 110284
003 - IDENTIFICADOR DE NÚMERO DE CONTROL
campo de control ES-MaACL
005 - FECHA Y HORA DE LA ÚLTIMA TRANSACCIÓN
campo de control 20230906185022.0
007 - CAMPO FIJO DE DESCRIPCIÓN FÍSICA--INFORMACIÓN GENERAL
campo de control de longitud fija t|
008 - DATOS DE LONGITUD FIJA--INFORMACIÓN GENERAL
campo de control de longitud fija 061121s1950 sp r ||||1| spa d
100 1# - ENTRADA PRINCIPAL--NOMBRE DE PERSONA
Nombre de persona Molho, Michael.
9 (RLIN) 81872
245 10 - MENCIÓN DEL TÍTULO
Título Usos y costumbres de los sefardíes de Salónica /
Mención de responsabilidad, etc. por Michael Molho; traducido del francés por F. Pérez Castro.
260 ## - PUBLICACIÓN, DISTRIBUCIÓN, ETC.
Lugar de publicación, distribución, etc. Madrid [etc.] :
Nombre del editor, distribuidor, etc. Consejo Superior de Investigaciones Científicas. Instituto Arias Montano,
Fecha de publicación, distribución, etc. 1950.
300 ## - DESCRIPCIÓN FÍSICA
Extensión 341 p., 15 lám. ;
Dimensiones 18 cm.
490 1# - MENCIÓN DE SERIE
Mención de serie Biblioteca hebraicoespañola ;
Designación de volumen o secuencia 3
650 04 - PUNTO DE ACCESO ADICIONAL DE MATERIA--TÉRMINO DE MATERIA
Término de materia o nombre geográfico como elemento de entrada Sefardíes-
Subdivisión geográfica Salónica.
9 (RLIN) 17016
700 1# - ENTRADA AGREGADA--NOMBRE PERSONAL
Nombre de persona Pérez Castro, F.
9 (RLIN) 90722
710 2# - ENTRADA AGREGADA--NOMBRE DE ENTIDAD CORPORATIVA
Nombre de entidad corporativa o nombre de jurisdicción como elemento de entrada Instituto "Arias Montano"
9 (RLIN) 4797
830 0# - PUNTO DE ACCESO ADICIONAL DE SERIE-TÍTULO UNIFORME
Título uniforme Biblioteca hebraicoespañola ;
Designación de volumen o secuencia 3
9 (RLIN) 184848
852 ## - LOCALIZACIÓN
Ubicación ES-MaACL
Número de control de estantería D-4310
Sublocalización o colección R.29783
Holdings
Estatus retirado Estado de pérdida Estado de daño No para préstamo Biblioteca de origen Biblioteca actual Ubicación en estantería Fecha de adquisición Fuente de adquisición Total de préstamos Signatura topográfica completa Código de barras Visto por última vez Precio de reemplazo Tipo de ítem Koha
        Biblioteca del Ateneo de Madrid Biblioteca del Ateneo de Madrid Sala Valle Inclán 17/01/2008     D-4310 901115058 23/02/2023 23/02/2023 Libro impreso